Detalles MARC
| 000 -CABECERA |
| Longitud fija campo de control |
02620nam a2200445 c 4500 |
| 001 - NÚMERO DE CONTROL |
| Número de control |
51522 |
| 003 - IDENTIFICADOR DE NÚMERO DE CONTROL |
| Identificador del número de control |
ES-MaCES |
| 005 - FECHA Y HORA DE LA ÚLTIMA TRANSACCIÓN |
| Fecha y hora de la última transacción |
20251115040004.0 |
| 008 - CAMPO FIJO DE DESCRIPCIÓN FIJA--INFORMACIÓN GENERAL |
| Códigos de información de longitud fija |
201014s2020 sp 000 | spa d |
| 017 ## - NÚMERO DE REGISTRO DE DERECHOS DE AUTOR Y DEPÓSITO LEGAL |
| Número de copyright o de depósito legal |
M 1007-2020 |
| Agencia que asigna el número |
DL |
| 020 ## - ISBN (INTERNATIONAL STANDARD BOOK NUMBER) |
| Número Internacional Normalizado para Libros (ISBN) |
9788478848034 |
| 040 ## - FUENTE DE CATALOGACIÓN |
| Centro catalogador de origen |
ES-MaCES |
| Lengua de catalogación |
spa |
| Centro transcriptor |
ES-MaCES |
| 041 1# - CÓDIGO DE IDIOMA |
| Código de lengua del texto;banda sonora o título independiente |
spa |
| Código de lengua original |
fre |
| 100 1# - ENCABEZAMIENTO PRINCIPAL--NOMBRE PERSONAL |
| Nombre de persona |
Leterme, Cédric |
| 9 (RLIN) |
39729 |
| 245 13 - MENCIÓN DE TÍTULO |
| Título |
El futuro del trabajo visto desde el Sur |
| Resto del título |
: crítica de la cuarta revolución industrial |
| Mención de responsabilidad, etc. |
Cedric Leterme ; [tr., Mariana Pita] |
| 260 ## - PUBLICACIÓN, DISTRIBUCIÓN, ETC (PIE DE IMPRENTA) |
| Lugar de publicación, distribución, etc. |
Madrid |
| Nombre del editor, distribuidor, etc. |
Editorial Popular |
| Fecha de publicación, distribución, etc. |
[2020] |
| 300 ## - DESCRIPCIÓN FÍSICA |
| Extensión |
174 p. |
| Dimensiones |
21 cm |
| 490 1# - MENCIÓN DE SERIE |
| Mención de serie |
Cero a la izquierda |
| 500 ## - NOTA GENERAL |
| Nota general |
Traducción de: L'avenir du travail vu du Sud, critique de la "quatrième révolution industrielle" |
| 504 ## - NOTA DE BIBLIOGRAFÍA, ETC. |
| Nota de bibliografía, etc. |
Bibliografía |
| 520 ## - RESUMEN, ETC. |
| Sumario, etc, |
El "futuro del trabajo" es el tema del momento en el pequeño mundo de la "gobernanza global". Casi todas las organizaciones internacionales lo han convertido en una prioridad, sin mencionar los think tanks y otras empresas de consultoría. Su punto común: piense en este futuro desde el estrecho ángulo de la "cuarta revolución industrial" con sus robots, impresoras 3D y plataformas digitales para vender mejor las (des)regulaciones de trabajo. ¿Pero de qué trabajo estamos hablando exactamente? ¿Para quién son estos discursos y análisis? ¿Para qué fines? Hoy, tres cuartas partes de los trabajadores del mundo pertenecen a lo que se puede llamar el Sur global. Su abrumadora mayoría sin acceso a un trabajo formal o protecciones sociales. Las impresoras 3D y los algoritmos son la menor de sus preocupaciones. Sin embargo, estos son los grandes ausentes del debate sobre el "futuro del trabajo". Es urgente criticar y denunciar este "debate" pensado y organizado por multinacionales y Estados, sobre todo desde el punto de vista de aquellos que persisten en la marginación. |
| 541 ## - NOTA DE LA FUENTE INMEDIANTE DE ADQUISICIÓN |
| Forma de adquisición |
Compra |
| 650 #4 - ASIENTO SECUNDARIO DE MATERIA--TÉRMINO DE MATERIA |
| Término de materia o nombre geográfico como elemento inicial |
globalización económica |
| 9 (RLIN) |
30653 |
| 650 #4 - ASIENTO SECUNDARIO DE MATERIA--TÉRMINO DE MATERIA |
| Término de materia o nombre geográfico como elemento inicial |
economía colaborativa |
| 9 (RLIN) |
37923 |
| 650 #4 - ASIENTO SECUNDARIO DE MATERIA--TÉRMINO DE MATERIA |
| Término de materia o nombre geográfico como elemento inicial |
cambio tecnológico |
| 9 (RLIN) |
28236 |
| 650 #4 - ASIENTO SECUNDARIO DE MATERIA--TÉRMINO DE MATERIA |
| Término de materia o nombre geográfico como elemento inicial |
Internet |
| 9 (RLIN) |
30572 |
| 650 #4 - ASIENTO SECUNDARIO DE MATERIA--TÉRMINO DE MATERIA |
| Término de materia o nombre geográfico como elemento inicial |
inteligencia artificial |
| 9 (RLIN) |
30166 |
| 650 #4 - ASIENTO SECUNDARIO DE MATERIA--TÉRMINO DE MATERIA |
| Término de materia o nombre geográfico como elemento inicial |
empleo precario |
| 9 (RLIN) |
30171 |
| 650 #4 - ASIENTO SECUNDARIO DE MATERIA--TÉRMINO DE MATERIA |
| Término de materia o nombre geográfico como elemento inicial |
desigualdad económica |
| 9 (RLIN) |
29371 |
| 650 #4 - ASIENTO SECUNDARIO DE MATERIA--TÉRMINO DE MATERIA |
| Término de materia o nombre geográfico como elemento inicial |
desigualdad regional |
| 9 (RLIN) |
29372 |
| 650 #4 - ASIENTO SECUNDARIO DE MATERIA--TÉRMINO DE MATERIA |
| Término de materia o nombre geográfico como elemento inicial |
Norte-Sur |
| 9 (RLIN) |
29642 |
| 650 #4 - ASIENTO SECUNDARIO DE MATERIA--TÉRMINO DE MATERIA |
| Término de materia o nombre geográfico como elemento inicial |
política de empleo |
| 9 (RLIN) |
28300 |
| 650 #4 - ASIENTO SECUNDARIO DE MATERIA--TÉRMINO DE MATERIA |
| Término de materia o nombre geográfico como elemento inicial |
futuro del trabajo |
| 9 (RLIN) |
30756 |
| 653 10 - TÉRMINO DE INDEXACIÓN--NO CONTROLADO |
| Término no controlado |
Empleo |
| 700 1# - ENCABEZAMIENTO SECUNDARIO--NOMBRE PERSONAL |
| 9 (RLIN) |
39730 |
| Nombre de persona |
Pita, Mariana |
| Término indicativo de función |
tr. |
| 740 22 - ENCABEZAMIENTO SECUNDARIO--TÍTULO ANALÍTICO/RELACIONADO NO CONTROLADO |
| Título relacionado o analítico no controlado |
L'avenir du travail vu du Sud, critique de la "quatrième révolution industrielle" |
| 830 #0 - ENCABEZAMIENTO SECUNDARIO DE COLECCIÓN--TÍTULO UNIFORME |
| Título uniforme |
Cero a la izquierda |
| 9 (RLIN) |
39188 |
| 902 ## - CES. TIPO DE DOCUMENTO |
| Tipodoc (006$c Sirtex) |
LIB Libro |
| 942 ## - ELEMENTOS KOHA |
| Fuente de clasificaión o esquema |
Clasificación propia del CES |
| Koha [por defecto] tipo de item |
Monografías |
| Parte de clasificación |
Empleo |